Smash Bros. Crossword - Statistics

General Stats
  • This quiz has been taken 1,298 times
  • The average score is 26 of 32
Answer Stats
Hint Answer % Correct
Ness N
96%
Ness E
95%
Ness S
95%
Ice Climbers B
89%
Meta Knight I
89%
Chrom R
88%
Olimar O
82%
Meta Knight A
81%
Meta Knight E
81%
Meta Knight G
81%
Meta Knight H
81%
Meta Knight K
81%
Meta Knight M
81%
Meta Knight N
81%
Meta Knight T
81%
Ice Climbers C
80%
Ice Climbers E
80%
Ice Climbers I
80%
Ice Climbers L
80%
Ice Climbers M
80%
Ice Climbers R
80%
Ice Climbers S
80%
Robin Robin
76%
Oilmar A
74%
Olimar I
74%
Olimar L
74%
Olimar M
74%
Olimar R
74%
Chrom C
72%
Chrom H
72%
Chrom M
72%
Chrom O
72%
No matching quizzes found
Score Distribution
Percent of People with Each Score
Percentile by Number Answered
Your Score History
You have not taken this quiz